<?xml version="1.0" encoding="UTF-8"?>
<record
    xmlns:xsi="http://www.w3.org/2001/XMLSchema-instance"
    xsi:schemaLocation="http://www.loc.gov/MARC21/slim http://www.loc.gov/standards/marcxml/schema/MARC21slim.xsd"
    xmlns="http://www.loc.gov/MARC21/slim">

  <leader>01124cam a2200229   4500</leader>
  <controlfield tag="005">20230622100123.0</controlfield>
  <controlfield tag="008">101126r20002000 mx            000 0 spa u</controlfield>
  <datafield tag="020" ind1=" " ind2=" ">
    <subfield code="a">9706650520</subfield>
  </datafield>
  <datafield tag="050" ind1="0" ind2="4">
    <subfield code="a">HJ4664</subfield>
    <subfield code="b">N68 2000</subfield>
  </datafield>
  <datafield tag="100" ind1="1" ind2=" ">
    <subfield code="a">Novoa Franco, Jorge</subfield>
    <subfield code="e">autor</subfield>
  </datafield>
  <datafield tag="110" ind1="2" ind2=" ">
    <subfield code="a">Instituto Mexicano de Contadores P&#xFA;blicos</subfield>
  </datafield>
  <datafield tag="245" ind1="1" ind2="0">
    <subfield code="a">Aplicaci&#xF3;n pr&#xE1;ctica de la tasa normal y reducida del ISR, nuevo r&#xE9;gimen de dividendos y reducciones de capital </subfield>
    <subfield code="b">: actualizado con las disposiciones vigentes a partir del 2000 </subfield>
    <subfield code="c"> / Jorge Novoa Franco, Alfonso P&#xE9;rez Reguera.</subfield>
  </datafield>
  <datafield tag="250" ind1=" " ind2=" ">
    <subfield code="a">2a ed.</subfield>
  </datafield>
  <datafield tag="260" ind1=" " ind2=" ">
    <subfield code="a">M&#xE9;xico: </subfield>
    <subfield code="b">Instituto Mexicano de Contadores P&#xFA;blicos,</subfield>
    <subfield code="c">2000</subfield>
  </datafield>
  <datafield tag="300" ind1=" " ind2=" ">
    <subfield code="a">148 p. ;</subfield>
    <subfield code="c">30 cm.</subfield>
  </datafield>
  <datafield tag="500" ind1=" " ind2=" ">
    <subfield code="a">En la portada :
"&#xB0;Textos comparados. &#xB0;Comentarios. &#xB0;Aplicaciones pr&#xE1;cticas. &#xB0;Impuesto diferido y su contabilizaci&#xF3;n. &#xB0;Determinaci&#xF3;n del ajuste semestral para ISR. &#xB0;Caso pr&#xE1;ctico integral."</subfield>
  </datafield>
  <datafield tag="650" ind1=" " ind2="7">
    <subfield code="2">lemb</subfield>
    <subfield code="a">Impuesto sobre la renta </subfield>
    <subfield code="z">M&#xE9;xico </subfield>
  </datafield>
  <datafield tag="650" ind1=" " ind2="7">
    <subfield code="2">lemb</subfield>
    <subfield code="a">Impuestos </subfield>
    <subfield code="z">M&#xE9;xico </subfield>
  </datafield>
  <datafield tag="700" ind1="1" ind2=" ">
    <subfield code="a">P&#xE9;rez Reguera, Alfonso</subfield>
    <subfield code="e">autor</subfield>
  </datafield>
  <datafield tag="710" ind1="2" ind2=" ">
    <subfield code="a">Instituto Mexicano de Contadores P&#xFA;blicos</subfield>
  </datafield>
  <datafield tag="942" ind1=" " ind2=" ">
    <subfield code="2">lcc</subfield>
    <subfield code="c">LIB</subfield>
  </datafield>
  <datafield tag="999" ind1=" " ind2=" ">
    <subfield code="c">54095</subfield>
    <subfield code="d">54095</subfield>
  </datafield>
  <datafield tag="952" ind1=" " ind2=" ">
    <subfield code="1">0</subfield>
    <subfield code="2">lcc</subfield>
    <subfield code="4">0</subfield>
    <subfield code="7">1</subfield>
    <subfield code="a">LIC-031</subfield>
    <subfield code="b">LIC-031</subfield>
    <subfield code="c">GENERAL</subfield>
    <subfield code="d">2015-05-07</subfield>
    <subfield code="e">UA</subfield>
    <subfield code="f">2a ed.</subfield>
    <subfield code="i">CEA</subfield>
    <subfield code="k">CSA</subfield>
    <subfield code="o">HJ4664 N68 2000</subfield>
    <subfield code="p">BCCA000006745</subfield>
    <subfield code="r">2015-05-07 00:00:00</subfield>
    <subfield code="t">C:1</subfield>
    <subfield code="v">200.00</subfield>
    <subfield code="y">LIB</subfield>
    <subfield code="z">1a reimp. </subfield>
  </datafield>
  <datafield tag="952" ind1=" " ind2=" ">
    <subfield code="1">0</subfield>
    <subfield code="2">lcc</subfield>
    <subfield code="4">0</subfield>
    <subfield code="7">0</subfield>
    <subfield code="a">LIC-031</subfield>
    <subfield code="b">LIC-031</subfield>
    <subfield code="c">GENERAL</subfield>
    <subfield code="d">2015-06-23</subfield>
    <subfield code="e">UA</subfield>
    <subfield code="f">2a ed.</subfield>
    <subfield code="i">CEA</subfield>
    <subfield code="k">CSA</subfield>
    <subfield code="o">HJ4664 N68 2000</subfield>
    <subfield code="p">BCCA000006746</subfield>
    <subfield code="r">2015-06-23 00:00:00</subfield>
    <subfield code="t">C:2</subfield>
    <subfield code="v">200.00</subfield>
    <subfield code="y">LIB</subfield>
    <subfield code="z">1a reimp. </subfield>
  </datafield>
  <datafield tag="952" ind1=" " ind2=" ">
    <subfield code="1">0</subfield>
    <subfield code="2">lcc</subfield>
    <subfield code="4">0</subfield>
    <subfield code="7">0</subfield>
    <subfield code="a">LIC-031</subfield>
    <subfield code="b">LIC-031</subfield>
    <subfield code="c">GENERAL</subfield>
    <subfield code="d">2015-06-23</subfield>
    <subfield code="e">UA</subfield>
    <subfield code="f">2a ed.</subfield>
    <subfield code="i">CEA</subfield>
    <subfield code="k">CSA</subfield>
    <subfield code="o">HJ4664 N68 2000</subfield>
    <subfield code="p">BCCA000006747</subfield>
    <subfield code="r">2015-06-23 00:00:00</subfield>
    <subfield code="t">C:3</subfield>
    <subfield code="v">200.00</subfield>
    <subfield code="y">LIB</subfield>
    <subfield code="z">1a reimp. </subfield>
  </datafield>
</record>
